=LDR 00000nam 2200000 4500 =001 INLIS000000000010934 =005 20130612102536 =008 ***********************************Ind** =035 ##$$0010-061300000010934 =041 ##$$a Ind =082 ##$$a 3381.34 =090 ##$$a 381.34, Nas k =100 ##$$a Nasution,AZ =245 ##$$a Konsumen dan hukum, Tinjuan sosial, ekonomi dan hukum pada perlindunagn konsumen Indonesia, AZ.Nasution SH =260 ##$$a 1995 $b JAkarta =300 ##$$a 192 hlm, 21 cm =650 ##$$a Konsumen, Perlindungan =850 ##$$a NBPNMAT =990 ##$$a 87458745 =990 ##$$a 114.307/ pro.97 =990 ##$$a 104.072/Pro-96 =990 ##$$a 104.073/Pro-96 =990 ##$$a 114.305/Pro-97 =990 ##$$a 114.306/Pro-97